Klik op een Geldige Hoofdstad - A-Z - Statistieken

Algemene statistieken
  • Deze quiz is 2.929 keer genomen
  • De gemiddelde score is 11 van 24
Antwoorden op de kaart
Antwoorden kleurgecodeerd door een groen-rode schaal op de quizkaart volgens % correct hieronder.
 
Antwoordstatistieken
Antwoord % Correct
A
62%
M
59%
L
58%
B
57%
D
56%
O
56%
P
56%
R
55%
W
55%
H
52%
K
52%
S
52%
T
49%
C
47%
J
44%
N
44%
U
41%
Q
36%
V
36%
I
32%
Z
29%
G
28%
Y
23%
F
20%
Geen overeenkomende quizzen gevonden
Scoreverdeling
Procent van Mensen met Elke Score
Percentiel versus Aantal Correcte Antwoorden
Uw Scoregeschiedenis
U heeft deze quiz nog niet genomen